| Tag |
First Indicator |
Second Indicator |
Subfields |
| LEADER |
00000cam a2200000 i 4500 |
| 001 |
in00000774913 |
| 005 |
20151017064304.0 |
| 008 |
760803s1928 nyu 00011 eng d |
| 035 |
|
|
|a (OCoLC)02351369
|
| 035 |
|
|
|9 ADN3987AM
|
| 040 |
|
|
|a KSU
|c KSU
|d m.c.
|d TXA
|d UtOrBLW
|
| 049 |
1 |
|
|a TXA1 [CONR]
|c 1
|c 2
|
| 090 |
|
|
|a PR6005.O4
|b S55 1928a
|
| 100 |
1 |
|
|a Conrad, Joseph,
|d 1857-1924.
|
| 245 |
1 |
4 |
|a The sisters /
|c by Joseph Conrad ; with an introduction by Ford Madox Ford.
|
| 264 |
|
1 |
|a New York :
|b Crosby Gaige,
|c 1928.
|
| 300 |
|
|
|a 3 preliminary leaves, 1-69 pages, 1 unnumbered page, 2 leaves ;
|c 22.2 cm.
|
| 336 |
|
|
|a text
|b txt
|2 rdacontent
|
| 337 |
|
|
|a unmediated
|b n
|2 rdamedia
|
| 338 |
|
|
|a volume
|b nc
|2 rdacarrier
|
| 500 |
|
|
|a First separate edition, one of 926 copies. Harvey, Ford, B24.
|
| 500 |
|
|
|a Designed by Bruce Rogers.
|
| 500 |
|
|
|a Bound in marbled paper boards; printed paper label on spine.
|
| 700 |
1 |
|
|a Ford, Ford Madox,
|d 1873-1939.
|
| 700 |
1 |
|
|a Rogers, Bruce,
|d 1870-1957.
|
| 999 |
|
|
|a MARS
|
| 999 |
f |
f |
|s 30f79aef-bba5-3b16-a88b-adab9650ba7c
|i 3e639965-b482-371b-914e-4212592bec7c
|t 0
|
| 952 |
f |
f |
|p noncirc
|a Texas A&M University
|b College Station
|c Cushing Memorial Library & Archives
|d Cushing: Literature/Conrad (Does not check out)
|t 0
|e PR6005.O4 S55 1928a
|h Library of Congress classification
|i unmediated -- volume
|
| 952 |
f |
f |
|p noncirc
|a Texas A&M University
|b College Station
|c Cushing Memorial Library & Archives
|d Cushing: Literature/Conrad (Does not check out)
|t 0
|e PR6005.O4 S55 1928a
|h Library of Congress classification
|i unmediated -- volume
|
| 998 |
f |
f |
|a PR6005.O4 S55 1928a
|t 0
|l Cushing: Literature/Conrad (Does not check out)
|
| 998 |
f |
f |
|a PR6005.O4 S55 1928a
|t 0
|l Cushing: Literature/Conrad (Does not check out)
|